Memoria de los servicios (Record no. 56855)

MARC details
000 -LEADER
campo de control de longitud fija 00633nam a2200169 i 4500
001 - NÚMERO DE CONTROL
campo de control 56855
003 - IDENTIFICADOR DE NÚMERO DE CONTROL
campo de control ES-MaACL
005 - FECHA Y HORA DE LA ÚLTIMA TRANSACCIÓN
campo de control 20230906163445.0
007 - CAMPO FIJO DE DESCRIPCIÓN FÍSICA--INFORMACIÓN GENERAL
campo de control de longitud fija t|
008 - DATOS DE LONGITUD FIJA--INFORMACIÓN GENERAL
campo de control de longitud fija 031014s1971 sp ||||1| spa d
110 1# - ENTRADA PRINCIPAL--NOMBRE DE ENTIDAD CORPORATIVA
Nombre de entidad corporativa o nombre de jurisdicción como elemento de entrada España.
Unidad subordinada Dirección General de Correos y Telecomunicación.
9 (RLIN) 3725
245 10 - MENCIÓN DEL TÍTULO
Título Memoria de los servicios
Resto del título : Balance 1970. Perspectivas 1971 /
Mención de responsabilidad, etc. Dirección General de Correos y Telecomunicación.
260 ## - PUBLICACIÓN, DISTRIBUCIÓN, ETC.
Lugar de publicación, distribución, etc. Madrid :
Nombre del editor, distribuidor, etc. [s.n.],
Fecha de publicación, distribución, etc. 1971.
300 ## - DESCRIPCIÓN FÍSICA
Extensión 87 p., 1 lám. ;
Dimensiones 27 cm.
610 24 - PUNTO DE ACCESO ADICIONAL DE MATERIA--NOMBRE DE ENTIDAD CORPORATIVA
Nombre de entidad corporativa o nombre de jurisdicción como elemento de entrada España.
Unidad subordinada Dirección General de Correos y Telecomunicación-
Subdivisión de forma Memorias.
9 (RLIN) 170425
852 ## - LOCALIZACIÓN
Ubicación ES-MaACL
Número de control de estantería C-43412
Sublocalización o colección R.79404
Holdings
Estatus retirado Estado de pérdida Estado de daño No para préstamo Biblioteca de origen Biblioteca actual Ubicación en estantería Fecha de adquisición Fuente de adquisición Total de préstamos Signatura topográfica completa Código de barras Visto por última vez Precio de reemplazo Tipo de ítem Koha
        Biblioteca del Ateneo de Madrid Biblioteca del Ateneo de Madrid Depósito 2 17/01/2008     C-43412 1059700 23/02/2023 23/02/2023 Libro impreso